[Event "chess.com IoM Masters"]
[Site "Douglas ENG"]
[Date "2016.10.04"]
[Round "4.11"]
[White "Sargissian, Gabriel"]
[Black "L'Ami, Erwin"]
[Result "1/2-1/2"]
[WhiteTitle "GM"]
[BlackTitle "GM"]
[WhiteElo "2670"]
[BlackElo "2605"]
[WhiteFideId "13300881"]
[BlackFideId "1007998"]
[EventDate "2016.10.01"]

1. d4 Nf6 2. c4 e6 3. Nf3 b6 4. g3 Bb7 5. Bg2 Be7 6. O-O O-O 7. Re1 Qc8 8. Bg5
h6 9. Bxf6 Bxf6 10. Nc3 d6 11. Rc1 c5 12. d5 Bxc3 13. Rxc3 e5 14. Nh4 Qd8 15.
Bh3 Nd7 16. e4 Bc8 17. Ng2 Nf6 18. Bxc8 Qxc8 19. Qf3 Qg4 20. Nh4 Rfd8 21. Nf5
Qxf3 22. Rxf3 Kh7 23. Ne7 Ng8 24. Nc6 Rd7 25. Ree3 Nf6 26. Re2 Ng8 27. Ra3 Ne7
28. Ra6 Rc7 29. Re3 Nxc6 30. dxc6 Re8 31. Rd3 Re6 32. a4 Kg6 33. a5 Rxc6 34.
Rxa7 bxa5 35. Rb3 Re8 36. Rbb7 Rf8 37. Rxa5 Kf6 38. Kg2 Rcc8 39. Ra6 Ke6 40.
Rab6 g5 41. g4 Rh8 42. Rb3 h5 43. Rf3 f6 44. h3 hxg4 45. hxg4 Rh4 46. Rg3 Rch8
47. Kf1 Ra8 48. Rb6 Ra1+ 49. Ke2 Rhh1 50. Rd3 Rae1+ 51. Kd2 Rd1+ 52. Kc2 Rxd3
53. Kxd3 1/2-1/2

[Event "chess.com IoM Masters"]
[Site "Douglas ENG"]
[Date "2016.10.04"]
[Round "4.13"]
[White "Praggnanandhaa, R"]
[Black "Meier, Georg"]
[Result "1/2-1/2"]
[WhiteTitle "IM"]
[BlackTitle "GM"]
[WhiteElo "2442"]
[BlackElo "2648"]
[WhiteFideId "25059530"]
[BlackFideId "4675789"]
[EventDate "2016.10.01"]

1. e4 e6 2. d3 d5 3. Nd2 Nf6 4. Ngf3 c5 5. g3 Nc6 6. Bg2 Be7 7. O-O O-O 8. e5
Nd7 9. Qe2 b5 10. Re1 Qc7 11. c4 bxc4 12. dxc4 Nb6 13. b3 Ba6 14. Ba3 Rfd8 15.
Rec1 Rac8 16. Qe1 dxc4 17. Nxc4 Nxc4 18. bxc4 Nb4 19. Rc3 Rd7 20. Qe2 Rcd8 21.
Rac1 Nd3 22. Rb1 g6 23. h4 Nb4 24. Kh2 Bb7 25. Bc1 Bc6 26. Bh6 Nd3 27. Rcb3 Ba8
28. Kg1 Bc6 29. Kh2 Ba8 30. Kg1 Bc6 1/2-1/2

[Event "chess.com IoM Masters"]
[Site "Douglas ENG"]
[Date "2016.10.04"]
[Round "4.14"]
[White "Bachmann, Axel"]
[Black "Romanishin, Oleg M"]
[Result "1-0"]
[WhiteTitle "GM"]
[BlackTitle "GM"]
[WhiteElo "2645"]
[BlackElo "2456"]
[WhiteFideId "3700488"]
[BlackFideId "14100088"]
[EventDate "2016.10.01"]

1. c4 e5 2. Nc3 Nf6 3. g3 d5 4. cxd5 Nxd5 5. Bg2 Nb6 6. d3 Be7 7. Be3 O-O 8. Rc1
Nc6 9. Bxc6 bxc6 10. Nf3 f6 11. Qc2 Nd5 12. O-O Be6 13. Bd2 Rb8 14. Ne4 Bf7 15.
a3 c5 16. Rb1 Rb5 17. Rfc1 Qc8 18. a4 Nb4 19. Bxb4 Rxb4 20. Nxc5 Bxc5 21. Qxc5
Rxa4 22. Nd2 Qg4 23. f3 Qd7 24. Ne4 Ra2 25. Rc2 c6 26. Nd6 Ra6 27. d4 exd4 28.
Rd1 Bd5 29. g4 Qe7 30. Rxd4 Qe3+ 31. Kg2 Qb3 32. Rb4 Ra5 33. Rxb3 Rxc5 34. Rxc5
Bxb3 35. Rxc6 a5 36. e4 Rb8 37. Kg3 Kf8 38. Rc8+ Rxc8 39. Nxc8 g5 40. h4 Be6 41.
Nd6 a4 42. hxg5 fxg5 43. Nb7 Bb3 44. Nc5 1-0

[Event "chess.com IoM Masters"]
[Site "Douglas ENG"]
[Date "2016.10.04"]
[Round "4.15"]
[White "Bok, Benjamin"]
[Black "Lou, Yiping"]
[Result "1-0"]
[WhiteTitle "GM"]
[BlackTitle "IM"]
[WhiteElo "2594"]
[BlackElo "2458"]
[WhiteFideId "1017063"]
[BlackFideId "8603928"]
[EventDate "2016.10.01"]

1. d4 Nf6 2. c4 g6 3. g3 c6 4. Nf3 Bg7 5. Bg2 d5 6. b3 dxc4 7. bxc4 c5 8. O-O
O-O 9. Bb2 Qb6 10. Qb3 Nfd7 11. Nc3 Nc6 12. e3 Na5 13. Qc2 Nxc4 14. Nd5 Qxb2 15.
Nxe7+ Kh8 16. Qxc4 cxd4 17. Nxd4 Qa3 18. Nxc8 Raxc8 19. Qb3 Qxb3 20. axb3 Rc3
21. Rfb1 a6 22. Bxb7 Nc5 23. Bd5 Rd8 24. Bxf7 Bxd4 25. exd4 Rxd4 26. Rc1 Rdd3
27. b4 Rxc1+ 28. Rxc1 Nd7 29. Rc8+ Kg7 30. Bc4 Rd1+ 31. Kg2 Ne5 32. Bxa6 Rb1 33.
Rc7+ Kf6 34. Rxh7 Rxb4 35. Rb7 Ra4 36. Rb6+ Kg7 37. Re6 Ra5 38. h4 Kf7 39. Rb6
Ra2 40. Bb7 Kg7 41. Be4 Re2 42. Bb1 Rd2 43. Re6 Ng4 44. Rxg6+ Kh8 45. Re6 Rxf2+
46. Kh3 Nf6 47. Re7 Kg8 48. Bg6 1-0

[Event "chess.com IoM Masters"]
[Site "Douglas ENG"]
[Date "2016.10.04"]
[Round "4.16"]
[White "Lalith, Babu M R"]
[Black "Tarjan, James E"]
[Result "1-0"]
[WhiteTitle "GM"]
[BlackTitle "GM"]
[WhiteElo "2586"]
[BlackElo "2420"]
[WhiteFideId "5024595"]
[BlackFideId "2000180"]
[EventDate "2016.10.01"]

1. Nf3 Nf6 2. c4 e6 3. d4 d5 4. Nc3 Be7 5. Bf4 O-O 6. e3 c5 7. dxc5 Bxc5 8. a3
Nc6 9. Qc2 Qa5 10. Rd1 Re8 11. Nd2 e5 12. Bg5 Nd4 13. Qb1 Bf5 14. Bd3 Bxd3 15.
Qxd3 Ne4 16. cxd5 Nxc3 17. bxc3 Nb5 18. Ne4 Nd6 19. Nxd6 Bxd6 20. e4 b5 21. Bd2
Qa4 22. O-O Rac8 23. Rb1 a6 24. Rfd1 Rc4 25. Qh3 Qa5 26. a4 Rxa4 27. c4 b4 28.
Qd7 Rd8 29. Qc6 h6 30. Be3 Bc7 31. c5 Ra3 32. Bd2 Rd3 33. h3 Bb8 34. Ra1 Ra3 35.
Rxa3 Qxa3 36. Qb6 1-0

[Event "chess.com IoM Masters"]
[Site "Douglas ENG"]
[Date "2016.10.04"]
[Round "4.17"]
[White "Donchenko, Alexander"]
[Black "Tania, Sachdev"]
[Result "1/2-1/2"]
[WhiteTitle "GM"]
[BlackTitle "IM"]
[WhiteElo "2581"]
[BlackElo "2414"]
[WhiteFideId "24603295"]
[BlackFideId "5007844"]
[EventDate "2016.10.01"]

1. d4 Nf6 2. c4 b6 3. Nf3 e6 4. g3 Bb7 5. Bg2 Be7 6. O-O O-O 7. Re1 Na6 8. a3 d5
9. cxd5 exd5 10. b4 c5 11. bxc5 bxc5 12. Nc3 Ne4 13. Bb2 Rb8 14. e3 cxd4 15.
Nxd4 Nac5 16. Rc1 Qd7 17. Ba1 Ba6 18. Nxe4 dxe4 19. Qh5 f5 20. Bh3 g6 21. Qh6
Rf7 22. Red1 Bd3 23. Qf4 Bd6 24. Qg5 Be7 25. Qf4 Bd6 26. Qh6 Bf8 27. Qf4 Bd6 1/2-1/2

[Event "chess.com IoM Masters"]
[Site "Douglas ENG"]
[Date "2016.10.04"]
[Round "4.18"]
[White "Das, Arghyadip"]
[Black "Marin, Mihail"]
[Result "1/2-1/2"]
[WhiteTitle "IM"]
[BlackTitle "GM"]
[WhiteElo "2400"]
[BlackElo "2569"]
[WhiteFideId "5003610"]
[BlackFideId "1200020"]
[EventDate "2016.10.01"]

1. e4 e6 2. d4 d5 3. Nc3 Bb4 4. exd5 exd5 5. Bd3 Nf6 6. Ne2 O-O 7. O-O Re8 8. h3
Ne4 9. a3 Bf8 10. Nf4 Nxc3 11. bxc3 c6 12. c4 dxc4 13. Bxc4 Nd7 14. Bb2 Nf6 15.
Qf3 Bf5 16. Rae1 Bxc2 17. d5 b5 18. Ba2 c5 19. Rxe8 Nxe8 20. Qe2 Bf5 21. Qxb5
Qd6 22. Qc4 Qb6 23. Qc3 Nd6 24. Ba1 Re8 25. Re1 Ne4 26. Qe3 Qd6 27. Nh5 Bg6 28.
Nf4 Bf5 29. Nh5 Bg6 30. Nf4 1/2-1/2

[Event "chess.com IoM Masters"]
[Site "Douglas ENG"]
[Date "2016.10.04"]
[Round "4.19"]
[White "Brunello, Sabino"]
[Black "Shvayger, Yuliya"]
[Result "1/2-1/2"]
[WhiteTitle "GM"]
[BlackTitle "WIM"]
[WhiteElo "2566"]
[BlackElo "2405"]
[WhiteFideId "813613"]
[BlackFideId "14100126"]
[EventDate "2016.10.01"]

1. d4 Nf6 2. Nf3 e6 3. c4 d5 4. Nc3 c5 5. cxd5 Nxd5 6. e4 Nxc3 7. bxc3 cxd4 8.
cxd4 Bb4+ 9. Bd2 Bxd2+ 10. Qxd2 O-O 11. Bc4 Nd7 12. O-O b6 13. Rfe1 Bb7 14. Bb3
Rc8 15. Rad1 Qe7 16. d5 Nc5 17. d6 Qf6 18. e5 Nxb3 19. axb3 Qg6 20. Re3 f6 21.
exf6 Rxf6 22. Ne1 Rd8 23. Ra1 Qf5 24. Rxa7 Rxd6 25. Qe2 Rf7 26. h3 Rfd7 27. Qc4
b5 28. Qc3 Rc6 29. Qa5 Rc8 30. Qb6 Rc6 31. Qa5 Rc8 32. Rc3 Rf8 33. Qb6 Rdf7 34.
Qe3 Qg6 35. Rc5 h6 36. Kh2 Bd5 37. Rxf7 Qxf7 38. f3 b4 39. Nd3 Bxb3 40. Nxb4
Qf4+ 41. Qxf4 Rxf4 42. Nd3 Rd4 43. Ne5 Rd5 44. Rc8+ Kh7 45. Ng4 h5 46. Nf2 Rd2
47. Ne4 Ra2 48. h4 Bd5 49. Ng5+ Kg6 50. Kg3 Re2 51. Rc7 Re5 52. Nh3 Rf5 53. Nf4+
Kh7 54. Rc8 Bb3 55. Nh3 Ra5 56. Rc3 Ba2 57. Nf4 Rf5 58. Rc8 Ra5 59. Nh3 Bd5 60.
Nf4 Ba2 61. Rc1 Bb3 62. Nd3 Ra2 63. Rc5 Bd5 64. Nf4 Kh6 65. Rc8 Ra8 66. Rxa8
Bxa8 67. Nxe6 Bd5 68. Ng5 Kg6 69. Kf4 Bc4 70. Ke5 Bf1 71. g3 Be2 72. f4 Bg4 73.
Ne6 Kf7 74. Nc7 g6 75. Nb5 Bh3 76. Nd6+ Ke7 77. Ne4 Bf5 78. Nf6 Bh3 79. f5 Bxf5
80. Nxh5 Kf7 81. Nf6 Bc8 82. Ne4 Bg4 83. Kf4 Be2 84. Ke5 Bg4 85. Nf6 Bc8 86. g4
g5 87. hxg5 Kg6 88. Kf4 Be6 89. Ne4 Bb3 90. Ng3 Bc2 91. Nf5 Bb1 92. Nh4+ Kg7 93.
Nf3 Kg6 94. Ne5+ Kg7 95. Kg3 Bc2 96. Nc6 Bb1 97. Nd4 Bd3 98. Nf5+ Kg6 99. Kh4
Bb1 100. Nd4 Kh7 101. Ne6 Bc2 102. Nf4 Bg6 103. Nd5 Bb1 104. Ne7 Bg6 105. Nf5
Be8 106. Kg3 Bb5 107. Nd4 Bd3 108. Ne6 Bb1 109. Kf4 Kg6 110. Nc5 Bc2 111. Nd7
Bb1 112. Ne5+ Kg7 113. Kg3 Bc2 114. Kh4 Bg6 115. Nd7 Bc2 116. Nc5 Bb1 117. Ne6+
Kh7 118. Kh3 Kg6 119. Kh4 Kh7 120. Nf4 Bg6 121. Kh3 Bb1 122. Kg3 Kg7 123. Ne6+
Kg6 124. Kh4 Kh7 125. Nd4 Bg6 126. Nf5 Be8 127. Ne7 Bg6 128. Kg3 Bb1 129. Nf5
Kg6 130. Kh4 Bc2 131. Ne7+ Kf7 132. Nc6 Kg7 133. Nd4 Bg6 134. Nf5+ Kh7 135. Ne7
Kg7 136. Nf5+ Kh7 137. Kg3 Be8 138. Kf4 Ba4 1/2-1/2

[Event "chess.com IoM Masters"]
[Site "Douglas ENG"]
[Date "2016.10.04"]
[Round "4.20"]
[White "Houska, Jovanka"]
[Black "Aravindh, Chithambaram VR."]
[Result "1/2-1/2"]
[WhiteTitle "IM"]
[BlackTitle "GM"]
[WhiteElo "2386"]
[BlackElo "2564"]
[WhiteFideId "405094"]
[BlackFideId "5072786"]
[EventDate "2016.10.01"]

1. d4 d5 2. Nf3 Nf6 3. c4 c6 4. e3 e6 5. Nbd2 Nbd7 6. b3 Bd6 7. Bb2 O-O 8. Bd3
Re8 9. Ne5 dxc4 10. Nexc4 Bc7 11. Nf3 b5 12. Nce5 Ba5+ 13. Kf1 Nxe5 14. Nxe5 Bb7
15. Be2 Nd7 16. Nd3 e5 17. b4 Bc7 18. dxe5 a5 19. a3 c5 20. Nxc5 Nxc5 21. Qxd8
Raxd8 22. bxc5 Bxe5 23. Bxe5 Rxe5 24. f3 Rxe3 25. Kf2 Rc3 26. Rhd1 Rc8 27. Bxb5
R3xc5 28. Rab1 g6 29. Bd3 Bd5 30. Rb5 Be6 31. a4 Kf8 32. h4 h6 33. Bf1 Ke7 34.
Rb7+ R8c7 35. Rxc7+ Rxc7 36. Bb5 Rc2+ 37. Kg3 Rc3 38. Rd2 Rc5 39. Kf2 Rc3 40.
Kg3 g5 41. hxg5 hxg5 42. Kf2 f5 43. g3 Ra3 44. f4 g4 45. Rd3 Ra2+ 46. Ke3 Rg2
47. Kd4 Kd6 48. Kc3+ Kc5 49. Re3 Bc8 50. Bd3 Kd6 51. Kd4 Ra2 52. Bb5 Rd2+ 53.
Rd3 Rg2 54. Kc4+ Kc7 55. Re3 Kd6 56. Rd3+ Kc7 57. Re3 Kd6 1/2-1/2

[Event "chess.com IoM Masters"]
[Site "Douglas ENG"]
[Date "2016.10.04"]
[Round "4.21"]
[White "Merry, Alan B"]
[Black "Svane, Rasmus"]
[Result "1/2-1/2"]
[WhiteTitle "FM"]
[BlackTitle "GM"]
[WhiteElo "2388"]
[BlackElo "2552"]
[WhiteFideId "418811"]
[BlackFideId "4657101"]
[EventDate "2016.10.01"]

1. e4 c6 2. d4 d5 3. Nd2 dxe4 4. Nxe4 Bf5 5. Ng3 Bg6 6. h4 h6 7. Nf3 e6 8. h5
Bh7 9. Bd3 Bxd3 10. Qxd3 Nf6 11. Bd2 Be7 12. O-O-O O-O 13. Ne4 Nxe4 14. Qxe4 Qd5
15. Qg4 Kh8 16. Kb1 Nd7 17. Qh3 Nf6 18. g4 Ne4 19. Be3 a5 20. Ne5 a4 21. f3 Nd6
22. Rhg1 a3 23. b3 Qa5 24. Rd3 Rad8 25. g5 Nf5 26. Bd2 Qb6 27. g6 Rxd4 28. Re1
Rxd3 29. Nxd3 Qd4 30. Re4 Qg1+ 31. Re1 Qd4 32. Re4 Qg1+ 33. Re1 Qd4 1/2-1/2

[Event "chess.com IoM Masters"]
[Site "Douglas ENG"]
[Date "2016.10.04"]
[Round "4.22"]
[White "Sunilduth Lyna, Narayanan"]
[Black "Kojima, Shinya"]
[Result "1-0"]
[WhiteTitle "GM"]
[BlackTitle "IM"]
[WhiteElo "2536"]
[BlackElo "2399"]
[WhiteFideId "5058422"]
[BlackFideId "7000812"]
[EventDate "2016.10.01"]

1. d4 d5 2. c4 c6 3. Nc3 Nf6 4. e3 g6 5. Nf3 Bg7 6. Bd3 O-O 7. O-O Bg4 8. h3
Bxf3 9. Qxf3 dxc4 10. Bxc4 Nbd7 11. Rd1 e5 12. d5 e4 13. Nxe4 Nxe4 14. Qxe4 Nb6
15. Bb3 cxd5 16. Qf3 Qf6 17. Qxf6 Bxf6 18. Rb1 Rfd8 19. Bd2 Nc4 20. Bc3 Kg7 21.
Bxf6+ Kxf6 22. Rd4 b5 23. Bd1 Rac8 24. b3 Na3 25. Rb2 Rc1 26. Kh2 Ke7 27. Bf3
Rc2 28. Rxc2 Nxc2 29. Rd2 Na3 30. Kg3 Ke6 31. Kf4 f6 32. h4 Rd6 33. Bg4+ Ke7 34.
Rd1 b4 35. Be2 Kd7 36. h5 gxh5 37. Bd3 d4 38. Bf5+ Kd8 39. Rxd4 Rxd4+ 40. exd4
Nb5 41. Ke3 Nc3 42. Kd3 Nxa2 43. Bxh7 h4 44. Kc4 Kc7 45. Kc5 a5 46. d5 Nc3 47.
Bf5 Ne2 48. Bd3 Nc3 49. Bc2 Ne2 50. d6+ Kd8 51. Bf5 Nc3 52. Kc4 Ke8 53. Kc5 Kd8
54. g3 hxg3 55. fxg3 Ne2 56. g4 Nc1 57. Be6 Ne2 58. Bc4 Nc3 59. Bd3 Kd7 60. Bf5+
Kd8 61. Kb6 a4 62. bxa4 Nxa4+ 63. Kb5 Nc3+ 64. Kxb4 Nd5+ 65. Kc5 Nf4 66. Kc6 Ke8
67. Kc7 Nd5+ 68. Kc8 Nb6+ 69. Kb7 Nd5 70. Be4 Kd7 71. Bxd5 Kxd6 72. Be4 1-0

[Event "chess.com IoM Masters"]
[Site "Douglas ENG"]
[Date "2016.10.04"]
[Round "4.23"]
[White "Arakhamia-Grant, Ketevan"]
[Black "Schroeder, Jan-Christian"]
[Result "1/2-1/2"]
[WhiteTitle "GM"]
[BlackTitle "GM"]
[WhiteElo "2376"]
[BlackElo "2514"]
[WhiteFideId "13600168"]
[BlackFideId "24662259"]
[EventDate "2016.10.01"]

1. e4 e5 2. Nf3 Nc6 3. Bb5 Nf6 4. Nc3 Bc5 5. O-O d6 6. d3 a6 7. Bxc6+ bxc6 8.
Be3 Bb6 9. Bxb6 cxb6 10. d4 Qc7 11. dxe5 dxe5 12. Qd3 O-O 13. Rad1 Bg4 14. Qd6
Rfc8 15. Qxc7 Rxc7 16. Rd6 Bxf3 17. gxf3 Kf8 18. Rfd1 Ke7 19. Kf1 b5 20. R6d2
Rd7 21. Rxd7+ Nxd7 22. Ke2 Nb6 23. b3 a5 24. Ke3 a4 25. f4 f6 26. h4 exf4+ 27.
Kxf4 b4 28. Ne2 c5 29. Ng3 g6 30. Nf1 Rd8 31. Rxd8 Kxd8 32. Ke3 Kd7 33. f4 axb3
34. axb3 Nc8 35. Kd3 Nd6 36. Ne3 Ke6 37. Nd1 h5 38. Nf2 Kd7 39. Nh3 Nb5 40. Kc4
Kc6 41. e5 fxe5 42. fxe5 Na3+ 43. Kd3 Kd5 44. Nf4+ Kxe5 45. Nxg6+ Kf5 46. Nf8
Kg4 47. Ng6 Kg3 48. c4 Nb1 49. Ke3 Nc3 50. Kd3 Kg4 51. Ke3 Na2 52. Kd2 Kh3 53.
Kc2 Kg3 54. Kd2 Kg4 55. Kc2 Kf5 56. Ne7+ Kg4 57. Ng6 Nc3 58. Kd3 Kf3 59. Ne5+
Kf2 60. Nd7 Kg3 61. Nxc5 Kxh4 62. Ne6 Kg4 63. c5 h4 64. c6 Nd5 65. Ke2 Kf5 66.
c7 Nb6 67. Nc5 Nc8 68. Nd3 Ke6 69. Nxb4 Kd6 70. Kf3 Kxc7 71. Kg4 Ne7 72. Kxh4
Nf5+ 73. Kg5 1/2-1/2

[Event "chess.com IoM Masters"]
[Site "Douglas ENG"]
[Date "2016.10.04"]
[Round "4.24"]
[White "Hemant, Sharma2"]
[Black "Hillarp Persson, Tiger"]
[Result "1-0"]
[BlackTitle "GM"]
[WhiteElo "2371"]
[BlackElo "2513"]
[WhiteFideId "5025842"]
[BlackFideId "1700812"]
[EventDate "2016.10.01"]

1. c4 e6 2. Nf3 d5 3. g3 Nf6 4. Bg2 Be7 5. O-O O-O 6. Qc2 d4 7. e3 c5 8. exd4
cxd4 9. a3 a5 10. d3 Nc6 11. Re1 Nd7 12. Nbd2 Kh8 13. Rb1 a4 14. b4 axb3 15.
Nxb3 e5 16. c5 f6 17. Nfd2 Qc7 18. f4 Rd8 19. Nf3 exf4 20. Bxf4 Nde5 21. Nbd2
Rxa3 22. Nc4 Rc3 23. Qa4 Bxc5 24. Nfxe5 fxe5 25. Nxe5 Nxe5 26. Bxe5 Qf7 27. Rf1
Qg8 28. Bxb7 Bh3 29. Rfd1 Qe6 30. Re1 Qf7 31. Be4 Rf8 32. Bf4 Qf6 33. Rb8 Ra3
34. Rxf8+ Bxf8 35. Qe8 Ra5 36. Rb1 h6 37. Qb8 g5 38. Qc7 Qg7 39. Qxa5 gxf4 40.
Rb7 Qf6 1-0

[Event "chess.com IoM Masters"]
[Site "Douglas ENG"]
[Date "2016.10.04"]
[Round "4.25"]
[White "Van Foreest, Lucas"]
[Black "Batsiashvili, Nino"]
[Result "0-1"]
[BlackTitle "IM"]
[WhiteElo "2350"]
[BlackElo "2480"]
[WhiteFideId "1039792"]
[BlackFideId "13602993"]
[EventDate "2016.10.01"]

1. e4 e5 2. Nf3 Nc6 3. Bc4 Nf6 4. d3 Be7 5. O-O O-O 6. Nbd2 d5 7. exd5 Nxd5 8.
Re1 Bg4 9. a4 Kh8 10. h3 Bh5 11. c3 f5 12. Nf1 Qd6 13. Ng3 Bg6 14. a5 Rad8 15.
Bb5 Bf6 16. a6 bxa6 17. Rxa6 Nb6 18. Qe2 Nb8 19. Rxa7 c6 20. Bc4 Nxc4 21. dxc4
e4 22. Nd4 Be5 23. Bg5 Rde8 24. Qd2 Qc5 25. Ra8 f4 26. Nxe4 Qxc4 27. f3 Qd5 28.
Bh4 c5 29. Ra5 Nd7 30. Nb3 Qxb3 31. Qxd7 Qxb2 32. Rxc5 Bf5 33. Qa7 Bb8 34. Qa1
Qb6 35. Bf2 Qg6 36. Qa4 Rxe4 37. Rxe4 Bxh3 38. g4 fxg3 39. Be3 g2 40. Rg5 Qd6
41. Rf4 Rg8 42. Qd4 Qa3 43. Kh2 Qe7 44. Rd5 Qh4 45. Rd6 Bxd6 46. Qxd6 Bg4+ 47.
Kxg2 Qh3+ 48. Kf2 Qh2+ 49. Kf1 Bxf3 50. Qd2 Qh1+ 51. Kf2 Bc6 52. Qd6 Qh2+ 53.
Ke1 Bb5 54. c4 Bxc4 55. Bf2 Re8+ 56. Kd1 Qh5+ 57. Kc1 Bg8 58. Rf8 Qg5+ 59. Qf4
Rc8+ 60. Kd1 Qd5+ 61. Ke1 Rc4 62. Qd2 Qe4+ 63. Be3 Rc2 64. Qd4 Qh1+ 65. Rf1 Qb7
66. Bd2 Qb1+ 67. Kf2 Qa2 68. Ke1 Rc4 69. Qe5 Qb1+ 70. Kf2 Qd3 71. Be3 Re4 72.
Qg5 h6 73. Rh1 Re6 74. Rh4 Rf6+ 75. Bf4 Qd2+ 0-1

[Event "chess.com IoM Masters"]
[Site "Douglas ENG"]
[Date "2016.10.04"]
[Round "4.26"]
[White "Puranik, Abhimanyu"]
[Black "Mannion, Stephen R"]
[Result "1/2-1/2"]
[WhiteTitle "IM"]
[BlackTitle "IM"]
[WhiteElo "2471"]
[BlackElo "2313"]
[WhiteFideId "5061245"]
[BlackFideId "2400111"]
[EventDate "2016.10.01"]

1. e4 e5 2. Nf3 Nc6 3. Bb5 a6 4. Ba4 Nf6 5. O-O Be7 6. Re1 b5 7. Bb3 d6 8. c3
O-O 9. d4 Bg4 10. Be3 exd4 11. cxd4 Na5 12. Bc2 c5 13. h3 Bh5 14. g4 Bg6 15.
Nbd2 cxd4 16. Nxd4 d5 17. e5 Ne4 18. Nf5 Bb4 19. Nxe4 dxe4 20. Re2 Bxf5 21. gxf5
Qh4 22. Qd4 Qxh3 23. Qxe4 Rac8 24. b3 Bc3 25. Rb1 Nc4 26. e6 Ne5 27. Qg2 Nf3+
28. Kf1 Nh2+ 29. Kg1 Nf3+ 30. Kf1 Nh2+ 31. Kg1 1/2-1/2

[Event "chess.com IoM Masters"]
[Site "Douglas ENG"]
[Date "2016.10.04"]
[Round "4.27"]
[White "Enkhtuul, Altan-Ulzii"]
[Black "Illingworth, Max"]
[Result "0-1"]
[WhiteTitle "WGM"]
[BlackTitle "GM"]
[WhiteElo "2302"]
[BlackElo "2465"]
[WhiteFideId "4901444"]
[BlackFideId "3205207"]
[EventDate "2016.10.01"]

1. Nf3 d5 2. d4 Nf6 3. c4 dxc4 4. g3 c5 5. Bg2 Nc6 6. O-O cxd4 7. Qa4 Bd7 8.
Qxc4 e5 9. Ng5 Qe7 10. b3 Na5 11. Qd3 Rc8 12. Ba3 Qd8 13. Bxf8 Kxf8 14. b4 Nc6
15. b5 Nb4 16. Qb3 Qe7 17. a3 Nc2 18. Ra2 h6 19. Nh7+ Rxh7 20. Rxc2 Rxc2 21.
Qxc2 Bxb5 22. Qc8+ Ne8 23. Bxb7 g6 24. Bc6 Bxc6 25. Qxc6 f6 26. Nd2 Qxa3 27. Qe4
Rg7 28. Rb1 Qd6 29. Qh4 h5 30. Ne4 Qc6 31. f3 Rf7 32. Rb8 Kg7 33. Rd8 a5 34. g4
hxg4 35. fxg4 a4 36. Nd6 Rf8 37. g5 fxg5 38. Qxg5 Nxd6 39. Qxe5+ Rf6 40. Qe7+
Nf7 41. Qf8+ Kh7 42. Qg8+ Kh6 43. Qf8+ Kh5 44. Rc8 Qe4 45. Rc5+ g5 46. Qb8 Qe3+
47. Kh1 Rf1+ 0-1

[Event "chess.com IoM Masters"]
[Site "Douglas ENG"]
[Date "2016.10.04"]
[Round "4.28"]
[White "Rodshtein, Tereza"]
[Black "Melkumyan, Hrant"]
[Result "0-1"]
[WhiteTitle "WGM"]
[BlackTitle "GM"]
[WhiteElo "2207"]
[BlackElo "2653"]
[WhiteFideId "325449"]
[BlackFideId "13302485"]
[EventDate "2016.10.01"]

1. e4 g6 2. d4 Bg7 3. Nc3 d6 4. Be3 c6 5. Qd2 Nd7 6. h4 h5 7. Nh3 b5 8. Ng5 Nb6
9. a3 a6 10. f3 Nf6 11. O-O-O d5 12. e5 Nh7 13. Nh3 Nf8 14. Nf2 Nc4 15. Bxc4
bxc4 16. Ne2 Rb8 17. g4 Qb6 18. c3 Ne6 19. Nf4 Bh6 20. Ng2 Bf8 21. Nf4 Nd8 22.
Qc2 Be6 23. Rde1 Bh6 24. Ng2 Bxe3+ 25. Nxe3 c5 26. Rd1 cxd4 27. cxd4 Nc6 28. Qc3
Qa7 29. b4 a5 30. Nc2 axb4 31. axb4 Nxe5 32. dxe5 Qxf2 33. Qe3 Qxe3+ 34. Nxe3
Rxb4 35. Nxd5 Bxd5 36. Rxd5 e6 37. Rc5 Kf8 38. Kc2 Kg7 39. Kc3 Rb3+ 40. Kd2 Rxf3
41. Rxc4 Rd8+ 42. Ke2 hxg4 43. Rxg4 Rf5 0-1

[Event "chess.com IoM Masters"]
[Site "Douglas ENG"]
[Date "2016.10.04"]
[Round "4.29"]
[White "Shyam, Sundar M."]
[Black "Harsha, Bharathakoti"]
[Result "1-0"]
[WhiteTitle "GM"]
[WhiteElo "2552"]
[BlackElo "2363"]
[WhiteFideId "5019141"]
[BlackFideId "5078776"]
[EventDate "2016.10.01"]

1. e4 e5 2. Nf3 Nc6 3. Bb5 Nf6 4. d3 Bc5 5. Bxc6 dxc6 6. Qe2 Nd7 7. Bg5 f6 8.
Be3 Qe7 9. Nbd2 Bxe3 10. Qxe3 c5 11. Nh4 Nf8 12. Nf5 Bxf5 13. exf5 Nd7 14. Ne4
g6 15. Qf3 O-O-O 16. g4 Rhf8 17. h4 Nb6 18. O-O-O Nd5 19. fxg6 hxg6 20. h5 f5
21. gxf5 gxf5 22. Nd2 Nb4 23. a3 Nc6 24. h6 Nd4 25. Qh5 Qe6 26. Kb1 b5 27. Nf3
c4 28. h7 Rh8 29. Ng5 Qc6 30. c3 b4 31. cxd4 bxa3 32. dxc4 axb2 33. Qe2 Qa4 34.
Qxb2 Rd6 35. c5 Ra6 36. Rd3 Qc4 37. Rb3 exd4 38. Rc1 1-0

[Event "chess.com IoM Masters"]
[Site "Douglas ENG"]
[Date "2016.10.04"]
[Round "4.30"]
[White "Paehtz, Thomas"]
[Black "Harika, Dronavalli"]
[Result "0-1"]
[WhiteTitle "GM"]
[BlackTitle "GM"]
[WhiteElo "2356"]
[BlackElo "2528"]
[WhiteFideId "4611349"]
[BlackFideId "5015197"]
[EventDate "2016.10.01"]

1. e4 e6 2. d4 d5 3. Nd2 Be7 4. Ngf3 Nf6 5. e5 Nfd7 6. Bd3 c5 7. c3 Nc6 8. O-O
g5 9. dxc5 g4 10. Nd4 Ndxe5 11. Bb5 Bd7 12. N2b3 h5 13. Re1 Ng6 14. Nxc6 bxc6
15. Bd3 f5 16. Nd4 Kf7 17. b4 Bf6 18. a4 a6 19. Qc2 Qc7 20. Bb2 Ne5 21. Bf1 h4
22. c4 g3 23. cxd5 cxd5 24. h3 a5 25. Nb5 Bxb5 26. axb5 axb4 27. b6 b3 28. Qc3
gxf2+ 29. Kxf2 Nd3+ 30. Qxd3 Qxc5+ 31. Qe3 Qxe3+ 32. Kxe3 Bxb2 33. Rxa8 Rxa8 34.
Rb1 Be5 35. Rxb3 Rg8 36. Kd2 Bf4+ 37. Kd1 Ke7 38. b7 Rb8 39. Ba6 Be5 0-1

[Event "chess.com IoM Masters"]
[Site "Douglas ENG"]
[Date "2016.10.04"]
[Round "4.31"]
[White "Vishnu Prasanna, V"]
[Black "Wallace, John Paul"]
[Result "0-1"]
[WhiteTitle "GM"]
[BlackTitle "IM"]
[WhiteElo "2522"]
[BlackElo "2355"]
[WhiteFideId "5030692"]
[BlackFideId "3200957"]
[EventDate "2016.10.01"]

1. e4 c5 2. Nf3 d6 3. d4 cxd4 4. Nxd4 Nf6 5. Nc3 a6 6. h3 e6 7. g4 Be7 8. Bg2
O-O 9. g5 Nfd7 10. h4 Nc6 11. b3 Re8 12. Be3 Rb8 13. Nce2 d5 14. O-O Nxd4 15.
Qxd4 Bc5 16. Qd2 dxe4 17. Ng3 Bxe3 18. Qxe3 f5 19. gxf6 Nxf6 20. Rad1 Qe7 21.
Qg5 b5 22. Nxe4 Nxe4 23. Qxe7 Rxe7 24. Rd8+ Kf7 25. Bxe4 Rc7 26. Rfd1 Rb6 27. f4
g6 28. Rh8 Kg7 29. Rdd8 Bb7 30. Bd3 Bf3 31. Rdg8+ Kf6 32. Rf8+ Kg7 33. Rhg8+ Kh6
34. Rf6 Kh5 35. Kf2 Bd1 36. c4 Rd6 37. Bf1 Kxh4 38. Ke3 Bg4 39. Rff8 Rd1 40. Kf2
Rd2+ 41. Ke3 Rd1 42. Kf2 Rcd7 43. c5 R7d2+ 44. Ke3 Kg3 0-1